|
|
|
|
| LEADER |
00000nam a22000007a 4500 |
| 005 |
20130222095129.0 |
| 007 |
cr|||| |||| |
| 008 |
130222e2006 sp |||||s|||| 00||0 spa d |
| 020 |
|
|
|a 978-84-9982-404-8
|
| 035 |
|
|
|a 7028
|
| 040 |
|
|
|a vLex
|
| 090 |
|
|
|c 3715
|d 3715
|
| 100 |
1 |
0 |
|a Bosch Capdevila, Esteve
|
| 245 |
1 |
3 |
|a El principio nemo pro parte testatus pro parte intestatus decedere potest
|b Evolucin̤ y significado
|h [Recurso electrn̤ico]
|
| 256 |
|
|
|a Servicio en ln̕ea
|
| 260 |
|
|
|a Madrid :
|b Dykinson,
|c 2006
|
| 300 |
|
|
|a 1 Recurso en ln̕ea
|
| 650 |
0 |
4 |
|a Sucesiones
|
| 650 |
0 |
4 |
|a Testamentos
|
| 650 |
0 |
4 |
|a Derecho civil
|
| 740 |
|
|
|a vLex Libros (Servicio en ln̕ea)
|
| 856 |
|
|
|a Acceso restringido
|u http://www.vlex.com/source/7028
|
| 942 |
|
|
|c BOOK
|
| 999 |
|
0 |
|a Civil law
|